000 00265nam a2200109Ia 4500
008 240625s9999 xx 000 0 und d
041 _aeng
082 _a658 PAT
100 _aPATTANAIK DEVDUTT
245 _aVERY INDIAN APPROACH TO MANAGEMENT BUSIN
365 _cRS
_b5
999 _c32877
_d32877